000 00501nam a2200157 a 4500
001 000029841
005 20200930055840.0
008 110426s2007 ck a 000 0 spa d
020 _a9789588203155
040 _aDO-SdBNP
_bspa
_cBNPHU
245 0 0 _aManual curativo con frutas y plantas medicinales /
_cDirector editorial Felipe Durán Ramírez.
250 _a2a ed.
260 _aBogotá :
_bGrupo Latino ,
_c2007.
300 _a686 p. :
_bil. ;
_c27 cm.
700 1 _aDurán Ramírez, Felipe
_eed.
_955474
999 _c29333
_d29333